J'ai marqué à la coupe du monde 2014 - Mort subite - Statistiques

Statistiques générales
  • Ce quiz a été pris 246 fois
  • Le résultat moyen est 3 sur 15
Answers on the Grid
Answers color-coded by a green-red scale on the quiz's grid according to % correct below.
Raheem Sterling
Islam Slimani
Riyad Mahrez
Blaise Matuidi
Leroy Fer
Marcos Rojo
Jean Beausejour
Joël Matip
Silvestre Varela
Andrés Guardado
Juan Mata
Ahmed Musa
Vedad Ibisevic
Daniel Sturridge
Gonzalo Higuain
Yacine Brahimi
Antoine Griezmann
Didier Drogba
Cesc Fabregas
Jan Vertonghen
Victor Moses
Quaresma
Marcelo
Kostas Mitroglou
Sergio Aguero
Landon Donovan
Yohan Cabaye
Jordan Ayew
Shinji Kagawa
Lukas Podolski
 
Statistiques - réponses
Réponse % Correct
Islam Slimani
43%
Gonzalo Higuain
39%
Blaise Matuidi
32%
Ahmed Musa
23%
Yacine Brahimi
23%
Daniel Sturridge
21%
Jean Beausejour
14%
Marcos Rojo
14%
Leroy Fer
13%
Jan Vertonghen
12%
Juan Mata
10%
Vedad Ibisevic
10%
Andrés Guardado
9%
Joël Matip
6%
Silvestre Varela
6%
Aucun quiz correspondant
Distribution des résultats
% des personnes avec chaque résultat
Percentile par nombre de réponses
Votre historique - résultats
Vous n’avez pas pris ce quiz